Mahathir Mohamad : a visionary & his vision of Malaysia's k-economy

Bibliographic Details
Main Author: MAHATHIR bin Mohamad 1925-
Other Authors: Abdulai, Ng
Format: Book
Published: Subang Jaya, Selangor : Pelanduk Pub. , 2002
Subjects:

MARC

LEADER 00000cam a2200000 7i4500
001 0000001998
005 20020730.0
020 0 0 |a 9679788200 
090 0 0 |a 338.9595   |b MAH 2002 
100 0 0 |a MAHATHIR bin Mohamad   |f Dato' Seri   |c 1925- 
245 1 0 |a Mahathir Mohamad :   |b a visionary & his vision of Malaysia's k-economy   |c edited by Ng Tieh Chuan with commentaries by David N. Abdulai 
260 0 0 |a Subang Jaya, Selangor :   |b Pelanduk Pub. ,   |c 2002 
300 |a xiii, 245 p. ;   |c 22 cm. 
500 0 0 |a Includes index 
600 0 0 |a Mahathir bin Mohamad   |f Dato' Seri ,   |c 1925-   |x Views on economics 
650 0 0 |a Information technology   |x Economic aspects   |z Malaysia   |y 21st century 
650 0 0 |a Knowledge management   |x Economic aspects   |z Malaysia   |y 21st century 
650 0 0 |a Speeches, addresses, etc.   |z Malaysia 
651 0 0 |a Malaysia   |x Economic policy   |y 21st century 
700 0 1 |a Abdulai   |h David N. 
700 0 1 |a Ng   |h Tieh Chuan 
998 |a JPSM 
999 |a 0000003386   |b Monograph   |c Open Shelf   |e Default branch